000 00795nam a22002297a 4500
003 OSt
005 20150408114218.0
008 140515s2013 maua g b 001 0 eng
020 _a9781449626327 (pbk.)
040 _aMa-Un
082 0 0 _222
_a005.8
_bRTS
100 1 _aRichardson, Theodor.
_945205
245 1 0 _aSecure software design /
_cTheodor Richardson, Charles N. Thies.
260 _aBurlington, MA :
_bJones & Bartlett Learning,
_c2013.
300 _axix, 407 p. :
_bill. ;
_c24 cm.
504 _aIncludes bibliographical references and index.
650 _aComputer software
_xDevelopment.
650 _aComputer security.
700 1 _aThies, Charles.
_945206
942 _2ddc
_cBOOK
999 _c35106
_d269606